Managerial accounting. / (Record no. 3236)

MARC details
000 -LEADER
fixed length control field 01189nam a22001697a 4500
008 - FIXED-LENGTH DATA ELEMENTS--GENERAL INFORMATION
fixed length control field 140804b xxu||||| |||| 00| 0 eng d
020 ## - INTERNATIONAL STANDARD BOOK NUMBER
International Standard Book Number 10047092649
050 ## - LIBRARY OF CONGRESS CALL NUMBER
Classification number HF5657.4.D29
100 ## - MAIN ENTRY--PERSONAL NAME
Personal name Davis, Charles E.
245 ## - TITLE STATEMENT
Title Managerial accounting. /
Statement of responsibility, etc. Charles E. Davis
260 ## - PUBLICATION, DISTRIBUTION, ETC.
Place of publication, distribution, etc. U.S.A:
Name of publisher, distributor, etc. John Wiley & Sons,
Date of publication, distribution, etc. 2001.
300 ## - PHYSICAL DESCRIPTION
Extent xxvi,705p.:
Other physical details ill.;
Dimensions 26cm.
500 ## - GENERAL NOTE
General note Includes index and glossary.
505 ## - FORMATTED CONTENTS NOTE
Formatted contents note Contents: Accounting as a tool for management: Focus on C&C sports -- Cost behaviour and cost estimation -- Cost-volume-profit analysis and pricing decisions -- Product costing for manufacturing companies: Focus on process costing -- Focus on variable and absorption costing -- Planning and forecasting -- Performance evaluation: Variance analysis: Focus on standard costing systems -- Activity-based costing and activity-based management: Focus on customer profitability -- Using accounting information to make managerial decisions -- Capital budgeting -- Decentralization and performance evaluation -- Performance evaluation: revisited: A Balanced approach -- Financial statement analysis -- Statement of cash flows.
700 ## - ADDED ENTRY--PERSONAL NAME
Personal name Davis Elizabeth B.
942 ## - ADDED ENTRY ELEMENTS (KOHA)
Source of classification or shelving scheme Library of Congress Classification
Koha item type Books
Holdings
Withdrawn status Lost status Source of classification or shelving scheme Damaged status Not for loan Home library Current library Shelving location Date acquired Total Checkouts Full call number Barcode Date last seen Copy number Price effective from Koha item type
    Library of Congress Classification     WISCONSIN INTERNATIONAL UNIVERSITY COLLEGE, GHANA - MAIN LIBRARY WISCONSIN INTERNATIONAL UNIVERSITY COLLEGE, GHANA - MAIN LIBRARY Reference 04/08/2014   HF5657.4.D29 7546/574/13 04/08/2014 1 04/08/2014 Books

If you have any concerns or questions; kindly contact the library


© Powered by WIUC ICT DIRECTORATE